000 00471nam a22001577a 4500
003 SGT
082 _a651.74,MIS
100 _aMISHRA,VINOD
245 _aBUSINESS COMMUNICATION
250 _a1ST
260 _aAGRA
_bSAHITYA BHAWAN PUBLISHERS & DISTRIBUTERS
_c2006
300 _a292
650 _aOFFICE SERVICES, OFFICE COMMUNICATIONS, ENGLISH
653 _aCOMMUNICATION PROCESS, BUSINESS COMMUNICATION, THEORIES OF COMMUNICATION, INFORMATION THEORY
942 _2ddc
_cFCM
999 _c8908
_d8908